U.S. States with the Largest Swiss Populations - Statistics

General Stats
  • This quiz has been taken 85 times
  • The average score is 8 of 10
Answer Stats
Rank Swiss Population State % Correct
7 40,113 New York
97%
8 39,001 Florida
94%
1 117,700 California
92%
9 37,258 Texas
88%
2 86,147 Ohio
82%
10 36,697 Washington
81%
5 42,194 Illinois
73%
3 73,912 Pennsylvania
71%
4 61,134 Wisconsin
57%
6 41,540 Indiana
56%
No matching quizzes found
Score Distribution
Percent of People with Each Score
Percentile by Number Answered
Your Score History
You have not taken this quiz